| 000 -LEADER |
| fixed length control field |
00995cam a22002294a 4500 |
| 020 ## - INTERNATIONAL STANDARD BOOK NUMBER |
| ISBN |
9787802333789 |
| 020 ## - INTERNATIONAL STANDARD BOOK NUMBER |
| ISBN |
7802333784 |
| 040 ## - CATALOGING SOURCE |
| Transcribing agency |
CcBjTSG |
| 082 ## - DEWEY DECIMAL CLASSIFICATION NUMBER |
| Classification number |
633 ZHO 2007 A083 Or. |
| 245 10 - TITLE STATEMENT |
| Title |
Jia qin ying yang yu si liao ke ji jin zhan : |
| Remainder of title |
di er jie quan guo jia qin ying yang yu si liao ke ji yan tao hui lun wen ji = Advances in poultry nutrition and feed science : proceedings of the second national symposium on poultry nutrition and feed science / |
| 246 30 - VARYING FORM OF TITLE |
| Title proper/short title |
Di er jie quan guo jia qin ying yang yu si liao ke ji yan tao hui lun wen ji |
| 246 31 - VARYING FORM OF TITLE |
| Title proper/short title |
Advances in poultry nutrition and feed science : |
| Remainder of title |
proceedings of the second national symposium on poultry nutrition and feed science |
| 250 ## - EDITION STATEMENT |
| Edition statement |
Di 1 ban. |
| 260 ## - PUBLICATION, DISTRIBUTION, ETC. (IMPRINT) |
| Place of publication |
Beijing Shi : |
| Name of publisher |
Zhongguo nong ye ke xue ji shu chu ban she, |
| Year of publication |
2007. |
| 300 ## - PHYSICAL DESCRIPTION |
| Number of Pages |
1, 4, 493 p. : |
| Other physical details |
ill. ; |
| Dimensions |
29 cm. |
| 650 #0 - SUBJECT ADDED ENTRY--TOPICAL TERM |
| Topical Term |
Poultry |
| 650 #0 - SUBJECT ADDED ENTRY--TOPICAL TERM |
| Topical Term |
Poultry |
| 650 #0 - SUBJECT ADDED ENTRY--TOPICAL TERM |
| Topical Term |
Feeds |
| 700 1# - ADDED ENTRY--PERSONAL NAME |
| Personal name |
Guo, Yuming. |
| 700 1# - ADDED ENTRY--PERSONAL NAME |
| Personal name |
Qi, Guanghai. |
| 942 ## - ADDED ENTRY ELEMENTS (KOHA) |
| Koha item type |
សៀវភៅភាសាអង់គ្លេស |
| 952 ## - LOCATION AND ITEM INFORMATION (KOHA) |
| Withdrawn status [LOCAL, KOHA] |
0 |